000
00329nam a2200133Ia 4500
008
230519s9999 xx 000 0 und d
041
_a
eng
082
_a
X/891/JOS/DB0663
100
_a
Joshi Leela
_9
180453
245
_a
Savitri
260
_b
Majestic Prakashan
_a
Mumbai
_c
2016
300
_a
408p
999
_c
159366
_d
159366